Pensées pour moi-même : Témoignages (1945-1986) (notice n° 2208709)

détails MARC
000 -LEADER
fixed length control field 01460cam a2200157 4500500
005 - DATE AND TIME OF LATEST TRANSACTION
control field 20260412000026.0
041 ## - LANGUAGE CODE
Language code of text/sound track or separate title fre
042 ## - AUTHENTICATION CODE
Authentication code dc
100 10 - MAIN ENTRY--PERSONAL NAME
Personal name Trannoy, A.-I.
Relator term author
245 00 - TITLE STATEMENT
Title Pensées pour moi-même : Témoignages (1945-1986)
260 ## - PUBLICATION, DISTRIBUTION, ETC.
Name of publisher, distributor, etc. Les Belles lettres,<br/>
Date of publication, distribution, etc. 2015.<br/>
520 ## - SUMMARY, ETC.
Summary, etc. « Une excellente manière de te défendre d'eux, c'est d'éviter de leur ressembler. » VI, 6L’empereur philosophe eut un règne particulièrement riche et difficile : inondations, famines, épidémie se succédaient tandis qu’aux frontières la menace des Parthes et des Germains devenait toujours plus inquiétante. Entre deux batailles et deux expéditions, Marc-Aurèle notait ses réflexions et ses préceptes quand l’exercice du pouvoir lui en laissait le temps. C’est ainsi que les Pensées pour moi-même auraient été retrouvées par un proche peu de temps après sa mort en mars 180. D’un ton très personnel, l’ouvrage se fait l’écho du dialogue intérieur entre le politique et le philosophe. Ces écrits, toutefois, nous sont en fait destinés : l’auteur convie le lecteur à dialoguer avec lui et n’a de cesse de lui glisser, au creux de l’oreille, ses préceptes emprunts d’une grave sagesse et d’une profonde lucidité.
700 10 - ADDED ENTRY--PERSONAL NAME
Personal name Jagut, M. A.
Relator term author
700 10 - ADDED ENTRY--PERSONAL NAME
Personal name Pennor’s, Scott
Relator term author
856 41 - ELECTRONIC LOCATION AND ACCESS
Uniform Resource Identifier <a href="https://shs.cairn.info/pensees-pour-moi-meme--9782251445526?lang=fr&redirect-ssocas=7080">https://shs.cairn.info/pensees-pour-moi-meme--9782251445526?lang=fr&redirect-ssocas=7080</a>

Pas d'exemplaire disponible.

PLUDOC

PLUDOC est la plateforme unique et centralisée de gestion des bibliothèques physiques et numériques de Guinée administré par le CEDUST. Elle est la plus grande base de données de ressources documentaires pour les Étudiants, Enseignants chercheurs et Chercheurs de Guinée.

Adresse

627 919 101/664 919 101

25 boulevard du commerce
Kaloum, Conakry, Guinée

Réseaux sociaux

Powered by Netsen Group @ 2025